Music Quiz

Random Music or Singers Quiz
Score 0/20 Timer 04:00
0 Plays Today
% Correct
John Travolta
93.2%
Nancy Sinatra
82.1%
Kenny Rogers
81.5%
Michael Jackson
72.3%
Elton John
64.6%
Paul McCartney
62.3%
Nelly Furtado
57.2%
Brandy
52.9%
Usher
51.4%
Diana Ross
50.6%
% Correct
Barbra Streisand
50.2%
Joe Cocker
49.6%
Jennifer Warnes
43.8%
George Michael
32.9%
Peter Cetera
27.5%
Patti Labelle
25.5%
Johnny Mathis
21.4%
R. Kelly
20.9%
Donna Summer
20.7%
Patti Austin
20.7%

You're not logged in!

Compare scores with friends on all Sporcle quizzes.
OR
Log In

Sporcle TV

Today on Sporcle TV


Watch our educational content, quiz creation guides, and fun videos on Sporcle TV.

Show Comments

Extras

Top Quizzes Today


Score Distribution

Paid Content

Your Account Isn't Verified!

In order to create a playlist on Sporcle, you need to verify the email address you used during registration. Go to your Sporcle Settings to finish the process.

Report this User

Report this user for behavior that violates our Community Guidelines.

Details: